000 00548nam a2200205Ia 4500
005 20260429112126.0
008 260429s9999||||xx |||||||||||||| ||und||
020 _a9781041038948
041 _aEnglish
082 _a333.7
_bHAH
100 _aHahnel, Robin
245 0 _aGreen economics :
_bconfronting the ecological crisis /
_cRobin Hahnel
250 _a1st ed.
260 _aLondon :
_bRoutledge,
_c2025.
300 _axvii, 259 p.; pbk
650 _a Environment
650 _a Sustainable living
650 _aEconomics
942 _cTB
999 _c52477
_d52477